[Event "CAN-ch"]
[Site "Kitchener CAN"]
[Date "2007.08.05"]
[Round "7"]
[White "Livshits, Ron"]
[Black "Samsonkin, Artiom"]
[Result "0-1"]
[WhiteElo "2316"]
[BlackElo "2358"]
[PlyCount "112"]
[EventDate "2007.08.01"]
[EventType "swiss"]
[EventRounds "9"]
[EventCountry "CAN"]

1. c4 Nf6 2. Nc3 g6 3. g3 Bg7 4. Bg2 O-O 5. e3 d6 6. Nge2 e5 7. O-O Qe7 8. d3
Re8 9. Rb1 a5 10. h3 c6 11. e4 Nbd7 12. Bg5 h6 13. Be3 Nc5 14. Qd2 Kh7 15. Rbe1
Ng8 16. f4 Ne6 17. g4 exf4 18. Nxf4 Nxf4 19. Bxf4 Be6 20. Be3 a4 21. Ne2 Qd7
22. Nf4 Ne7 23. Qc1 c5 24. Nd5 Bxd5 25. cxd5 Nc8 26. Rf2 Na7 27. Ref1 Re7 28.
e5 Bxe5 29. Bxh6 Bd4 30. Kh1 Bxf2 31. Rxf2 Qe8 32. Qg5 Re1+ 33. Bf1 Qe7 34. Qf4
Qe5 35. Qd2 Qxd5+ 36. Kh2 Rxf1 37. Rxf1 Re8 38. Bf4 Nc6 39. Qf2 Nd4 40. Be3 Kg8
41. Bxd4 cxd4 42. Re1 Rxe1 43. Qxe1 Qxa2 44. Qb4 Qd5 45. Qxa4 Qe5+ 46. Kg2 Qe2+
47. Kg1 Qxb2 48. Qe8+ Kg7 49. Qe7 Qc1+ 50. Kg2 Qd2+ 51. Kh1 Qxd3 52. Kg2 Qd2+
53. Kf1 Qe3 54. Qxd6 Qxh3+ 55. Kf2 Qe3+ 56. Kg2 d3 0-1

[Event "CAN-ch"]
[Site "Kitchener CAN"]
[Date "2007.08.05"]
[Round "8"]
[White "Samsonkin, Artiom"]
[Black "Hebert, Jean"]
[Result "1/2-1/2"]
[WhiteElo "2358"]
[BlackElo "2391"]
[PlyCount "49"]
[EventDate "2007.08.01"]
[EventType "swiss"]
[EventRounds "9"]
[EventCountry "CAN"]

1. e4 e6 2. d4 d5 3. e5 c5 4. c3 Nc6 5. Nf3 Bd7 6. a3 f6 7. Bd3 fxe5 8. dxe5
Qc7 9. Qe2 O-O-O 10. O-O h6 11. c4 Nge7 12. Nc3 dxc4 13. Bxc4 Nf5 14. Nb5 Qb6
15. Nd6+ Bxd6 16. exd6 Rhe8 17. b4 Ncd4 18. Nxd4 cxd4 19. Bf4 Kb8 20. Be5 Ka8
21. Rfd1 Rc8 22. Bd3 Ba4 23. Rd2 g5 24. Be4 Nxd6 25. Bxd4 1/2-1/2

[Event "CAN-ch"]
[Site "Kitchener CAN"]
[Date "2007.08.05"]
[Round "9"]
[White "Panjwani, Raja"]
[Black "Samsonkin, Artiom"]
[Result "1/2-1/2"]
[WhiteElo "2283"]
[BlackElo "2358"]
[PlyCount "53"]
[EventDate "2007.08.01"]
[EventType "swiss"]
[EventRounds "9"]
[EventCountry "CAN"]

1. e4 c5 2. Nf3 d6 3. d4 cxd4 4. Nxd4 Nf6 5. Nc3 Nc6 6. Be2 e5 7. Nf3 h6 8. O-O
Be7 9. Re1 O-O 10. h3 Be6 11. Bf1 Rc8 12. Nd5 Bxd5 13. exd5 Nb8 14. c4 Nh7 15.
Be3 Nd7 16. b4 b6 17. Rc1 Ng5 18. Nd2 Nh7 19. Nb3 Bg5 20. c5 bxc5 21. bxc5 Nxc5
22. Nxc5 dxc5 23. Bxg5 Qxg5 24. Ba6 Rb8 25. Rxc5 Rfd8 26. d6 Qf6 27. Rcxe5
1/2-1/2

[Event "CAN-op"]
[Site "Ottawa CAN"]
[Date "2007.07.07"]
[Round "1"]
[White "Samsonkin, Artiom"]
[Black "Saleh, Maher"]
[Result "1-0"]
[WhiteElo "2446"]
[BlackElo "2208"]
[PlyCount "109"]
[EventDate "2007.07.07"]
[EventType "swiss"]
[EventRounds "10"]
[EventCountry "CAN"]

1. e4 Nf6 2. e5 Nd5 3. d4 d6 4. Nf3 g6 5. h3 Bg7 6. Be2 O-O 7. O-O Nc6 8. c4
Nb6 9. exd6 cxd6 10. Nc3 Bf5 11. Be3 d5 12. c5 Nc4 13. Bc1 b6 14. b3 bxc5 15.
bxc4 cxd4 16. Qa4 d3 17. Bd1 Bxc3 18. Rb1 Qd7 19. cxd5 Qxd5 20. Bb3 Qe4 21.
Qxe4 Bxe4 22. Ng5 Bf5 23. g4 Bc8 24. Ba3 Bf6 25. Bd5 Bxg5 26. Bxc6 Ba6 27. Bxa8
Rxa8 28. f4 Bf6 29. Bb2 Bh4 30. Rfd1 Rd8 31. Be5 Bc4 32. Rb4 Rc8 33. Bc3 a6 34.
a4 Bg3 35. Rxc4 Rxc4 36. Rxd3 Rxc3 37. Rxc3 Be1 38. Rc6 a5 39. Kf1 Bb4 40. Ke2
f6 41. Rb6 Bc3 42. Rb3 Bd4 43. Kd3 Bf2 44. Kd2 Bc5 45. Rb5 Bd6 46. Kd3 Bc7 47.
Rc5 Bb6 48. Rc6 Bf2 49. Kc4 Kf7 50. Kb5 Be1 51. Ra6 e5 52. fxe5 fxe5 53. Rxa5
Bxa5 54. Kxa5 Ke6 55. Kb4 1-0

[Event "CAN-op"]
[Site "Ottawa CAN"]
[Date "2007.07.08"]
[Round "3"]
[White "Samsonkin, Artiom"]
[Black "Semyonov, Vladimir"]
[Result "1-0"]
[WhiteElo "2446"]
[BlackElo "2178"]
[PlyCount "67"]
[EventDate "2007.07.07"]
[EventType "swiss"]
[EventRounds "10"]
[EventCountry "CAN"]

1. e4 c5 2. Nf3 e6 3. d4 cxd4 4. Nxd4 a6 5. Bd3 Nf6 6. O-O d6 7. Qe2 Bd7 8. Nd2
Nc6 9. Nxc6 Bxc6 10. b3 Be7 11. Bb2 O-O 12. c4 Qc7 13. f4 Rfd8 14. Kh1 Rac8 15.
Nf3 Nd7 16. b4 b6 17. Rac1 Bb7 18. e5 Nf8 19. f5 dxe5 20. Bxe5 Qc6 21. Bc3 f6
22. fxe6 Qxe6 23. Qxe6+ Nxe6 24. Bf5 Rd6 25. Rcd1 Kf7 26. Rxd6 Bxd6 27. Nd4 Re8
28. Bxe6+ Rxe6 29. Nxe6 Kxe6 30. Bd4 b5 31. Re1+ Kd7 32. cxb5 axb5 33. a3 h5
34. Kg1 1-0

[Event "CAN-op"]
[Site "Ottawa CAN"]
[Date "2007.07.09"]
[Round "4"]
[White "Kaminski, Victor"]
[Black "Samsonkin, Artiom"]
[Result "1/2-1/2"]
[WhiteElo "2266"]
[BlackElo "2446"]
[PlyCount "85"]
[EventDate "2007.07.07"]
[EventType "swiss"]
[EventRounds "10"]
[EventCountry "CAN"]

1. d4 Nf6 2. Nf3 g6 3. g3 Bg7 4. Bg2 O-O 5. c4 d6 6. Nc3 Nc6 7. O-O e5 8. d5
Na5 9. Nd2 c5 10. dxc6 Nxc6 11. Nde4 Nxe4 12. Nxe4 Nd4 13. e3 Nf5 14. b3 Qb6
15. Qe2 Be6 16. Rd1 Rfd8 17. Ba3 Qa6 18. Bb2 Rac8 19. Rd2 Bf8 20. a4 Qb6 21.
Qd1 Qc7 22. Ba3 h5 23. Rc1 Be7 24. Rc3 Rd7 25. Rcd3 Rcd8 26. h3 Kg7 27. g4 hxg4
28. hxg4 Nh6 29. Nxd6 Bxg4 30. f3 Bxd6 31. Bxd6 Rxd6 32. Rxd6 Rxd6 33. Rxd6 Nf5
34. Rd3 Bh5 35. Qe1 Qe7 36. Qc3 Kh7 37. Rd5 e4 38. fxe4 Ng3 39. Qe5 Ne2+ 40.
Kf1 Qh4 41. Rd2 Ng3+ 42. Kg1 Nxe4 43. Qxe4 1/2-1/2

[Event "CAN-op"]
[Site "Ottawa CAN"]
[Date "2007.07.10"]
[Round "5"]
[White "Samsonkin, Artiom"]
[Black "Tayar, Jonathan"]
[Result "1-0"]
[WhiteElo "2373"]
[BlackElo "2271"]
[PlyCount "157"]
[EventDate "2007.07.07"]
[EventType "swiss"]
[EventRounds "10"]
[EventCountry "CAN"]

1. e4 c5 2. c3 d5 3. exd5 Qxd5 4. d4 Nf6 5. Nf3 Bg4 6. Be2 e6 7. O-O Nc6 8. h3
Bh5 9. Be3 cxd4 10. cxd4 Be7 11. Nc3 Qd6 12. Ne5 Bxe2 13. Qxe2 O-O 14. Rfd1
Nxe5 15. Bf4 Nf3+ 16. Qxf3 Qb6 17. Be5 Rac8 18. Rab1 Qa6 19. Qg3 Nh5 20. Qg4
Nf6 21. Qg3 Nh5 22. Qe3 Nf6 23. a3 Rfe8 24. Qg3 Nh5 25. Qf3 Nf6 26. d5 Nxd5 27.
Nxd5 exd5 28. Rxd5 Qc6 29. Rbd1 Rcd8 30. Rxd8 Rxd8 31. Rxd8+ Bxd8 32. Qxc6 bxc6
33. Kf1 f6 34. Bd4 a6 35. Ke2 Kf7 36. Kd3 Ke6 37. Kc4 Kd7 38. Bc3 g6 39. Kc5 f5
40. Be5 Ba5 41. f4 Bd8 42. Bc3 Bc7 43. Bd2 h5 44. a4 Bd8 45. b3 Bc7 46. g3 Bd8
47. h4 Bc7 48. b4 Bd8 49. Bc3 Kc7 50. Be5+ Kd7 51. Bc3 Kc7 52. Be5+ Kd7 53. a5
Bc7 54. Bf6 Bd6+ 55. Kb6 Bxb4 56. Kxa6 Be1 57. Kb6 Bf2+ 58. Kb7 c5 59. a6 c4
60. Bc3 Ke6 61. Ba5 Kd6 62. Be1 Be3 63. Ba5 Bf2 64. Bc7+ Ke6 65. Bb6 Bxb6 66.
Kxb6 c3 67. a7 c2 68. a8=Q c1=Q 69. Qc6+ Qxc6+ 70. Kxc6 Ke7 71. Kc7 Kf7 72. Kd7
Kf6 73. Kd6 Kf7 74. Kd7 Kf6 75. Ke8 Kg7 76. Ke7 Kh8 77. Kf6 Kh7 78. Kf7 Kh6 79.
Kg8 1-0

[Event "CAN-op"]
[Site "Ottawa CAN"]
[Date "2007.07.12"]
[Round "7"]
[White "Samsonkin, Artiom"]
[Black "Mikhalevski, Victor"]
[Result "0-1"]
[WhiteElo "2446"]
[BlackElo "2601"]
[PlyCount "130"]
[EventDate "2007.07.07"]
[EventType "swiss"]
[EventRounds "10"]
[EventCountry "CAN"]

1. e4 e5 2. f4 Bc5 3. Nf3 d6 4. Nc3 Nf6 5. Bc4 Nc6 6. d3 O-O 7. Na4 Bb6 8. Nxb6
axb6 9. fxe5 dxe5 10. Bg5 Qd6 11. Bxf6 Qxf6 12. O-O Na5 13. Qd2 Nxc4 14. dxc4
Qe7 15. Qc3 f6 16. a4 Rd8 17. b3 Bg4 18. Rad1 Bh5 19. Qe3 Rd6 20. Rd5 Bf7 21.
Nh4 g6 22. Rxd6 Qxd6 23. Qf3 Kg7 24. Rd1 Qc5+ 25. Qf2 Be6 26. Qxc5 bxc5 27. Nf3
Kf7 28. Kf2 Ke7 29. Ke3 Bd7 30. Ra1 Bc6 31. a5 b6 32. a6 Bd7 33. c3 Bc8 34. a7
Be6 35. h3 h5 36. Nh4 g5 37. Nf3 h4 38. Nd2 g4 39. hxg4 Bxg4 40. Rh1 Rxa7 41.
Rxh4 Be6 42. Rh7+ Kd6 43. Rh6 Ke7 44. Rh7+ Kf8 45. Kd3 Bg8 46. Rh1 Ra2 47. g4
Kg7 48. Rg1 Bh7 49. Nf3 Rf2 50. Rg3 Rb2 51. Nd2 Ra2 52. Nf3 Ra3 53. Nd2 Ra1 54.
Rg2 Re1 55. Rg3 Bg6 56. Rg2 Rd1 57. Kc2 Rh1 58. Rg3 Kh6 59. Rd3 Kg5 60. Rd7 Rh7
61. Rd3 Kxg4 62. Re3 Rh2 63. Kd3 f5 64. Re1 Rh3+ 65. Ke2 f4 0-1

[Event "CAN-op"]
[Site "Ottawa CAN"]
[Date "2007.07.13"]
[Round "8"]
[White "Cheng, Bindi"]
[Black "Samsonkin, Artiom"]
[Result "1-0"]
[WhiteElo "2238"]
[BlackElo "2446"]
[PlyCount "81"]
[EventDate "2007.07.07"]
[EventType "swiss"]
[EventRounds "10"]
[EventCountry "CAN"]

1. d4 Nf6 2. Nf3 g6 3. b3 Bg7 4. Bb2 O-O 5. c4 d6 6. Nbd2 Nbd7 7. Qc2 Re8 8. e4
e5 9. d5 a5 10. Be2 Nc5 11. O-O Nh5 12. Rfe1 f5 13. Bf1 Nf6 14. Bd3 f4 15. a3
Nfd7 16. b4 Nxd3 17. Qxd3 g5 18. Rec1 g4 19. Ne1 b6 20. Qc2 Qh4 21. c5 bxc5 22.
bxc5 Nxc5 23. Nb3 Nxb3 24. Qxb3 Ra7 25. Rc3 Ba6 26. Qc2 Rf8 27. Bc1 Bh6 28. Rb1
Kh8 29. Rb2 Rg8 30. Rxc7 Raa8 31. Rb6 g3 32. fxg3 fxg3 33. Nf3 Qf6 34. Bxh6
Qxh6 35. Qd2 gxh2+ 36. Kh1 Qg6 37. Nxe5 dxe5 38. Rxg6 Rxg6 39. Kxh2 Bf1 40. g3
Rag8 41. Qc3 1-0

[Event "CAN-op"]
[Site "Ottawa CAN"]
[Date "2007.07.14"]
[Round "9"]
[White "Samsonkin, Artiom"]
[Black "Dallaire, Stephane"]
[Result "1-0"]
[WhiteElo "2446"]
[BlackElo "1454"]
[PlyCount "47"]
[EventDate "2007.07.07"]
[EventType "swiss"]
[EventRounds "10"]
[EventCountry "CAN"]

1. e4 e5 2. f4 d5 3. exd5 e4 4. d3 Nf6 5. dxe4 Nxe4 6. Nf3 Bc5 7. Qe2 Bf2+ 8.
Kd1 Qxd5+ 9. Nfd2 O-O 10. Qxe4 Qxe4 11. Nxe4 Bf5 12. Nxf2 Nc6 13. Bd3 Rad8 14.
Nd2 Nd4 15. Bxf5 Nxf5 16. Re1 Rfe8 17. Rxe8+ Rxe8 18. Nf3 Rd8+ 19. Nd3 Nd6 20.
Be3 b6 21. Ke2 Re8 22. Re1 Nc4 23. Kf2 Nxb2 24. Nxb2 1-0

[Event "CAN-op"]
[Site "Ottawa CAN"]
[Date "2007.07.15"]
[Round "10"]
[White "Pacey, Kevin"]
[Black "Samsonkin, Artiom"]
[Result "1/2-1/2"]
[WhiteElo "2258"]
[BlackElo "2446"]
[PlyCount "82"]
[EventDate "2007.07.07"]
[EventType "swiss"]
[EventRounds "10"]
[EventCountry "CAN"]

1. d4 Nf6 2. c4 g6 3. Nc3 Bg7 4. e4 d6 5. Be2 O-O 6. Bg5 Nbd7 7. Qc1 c6 8. Nf3
e5 9. d5 a5 10. O-O Nc5 11. Nd2 h6 12. Bh4 Qe8 13. Rd1 Bd7 14. Qb1 g5 15. Bg3
Nh7 16. Nf1 f5 17. exf5 Bxf5 18. Qc1 h5 19. h4 Bf6 20. Ne3 Bg6 21. dxc6 bxc6
22. Rxd6 gxh4 23. Bh2 Ng5 24. Rxf6 Rxf6 25. Ned5 cxd5 26. Qxg5 Rf5 27. Qxh4 d4
28. Nd5 Kf7 29. g4 hxg4 30. Bxg4 Qd8 31. Qxd8 Rxd8 32. Bxf5 Bxf5 33. Bxe5 Rg8+
34. Kh2 d3 35. f3 d2 36. Rd1 Nd3 37. Bc3 Ne1 38. Rxe1 dxe1=Q 39. Bxe1 a4 40. b3
Re8 41. Bb4 Re2+ 1/2-1/2

[Event "inAUTOmarket op"]
[Site "Minsk BLR"]
[Date "2005.07.10"]
[Round "1"]
[White "Kuzevanova, Evgenia"]
[Black "Samsonkin, Artiom"]
[Result "0-1"]
[WhiteElo "2148"]
[BlackElo "2414"]
[PlyCount "112"]
[EventDate "2005.07.06"]
[EventType "swiss"]
[EventRounds "9"]
[EventCountry "BLR"]
[Source "Mark Crowther"]
[SourceDate "2005.08.22"]

1. e4 c5 2. Nf3 Nc6 3. d4 cxd4 4. Nxd4 Nf6 5. Nc3 d6 6. Be2 e5 7. Nf3 h6 8. O-O
Be7 9. Be3 O-O 10. Qd2 Be6 11. Rad1 a6 12. a4 Rc8 13. h3 Qa5 14. Nh2 Qb4 15.
Bf3 Nb8 16. Nd5 Nxd5 17. exd5 Qxd2 18. Rxd2 Bf5 19. Rc1 Nd7 20. c4 Nc5 21. Bxc5
Rxc5 22. Nf1 Bg5 23. Ne3 b6 24. b4 Rc7 25. Bg4 Bg6 26. Be2 f5 27. h4 Bxe3 28.
fxe3 f4 29. exf4 Rxf4 30. g3 Rd4 31. Rxd4 exd4 32. Kf2 a5 33. bxa5 bxa5 34. Rd1
d3 35. Bxd3 Bxd3 36. Rxd3 Rxc4 37. Rb3 Rc5 38. Rb5 Kf7 39. Ke3 Rxb5 40. axb5
Ke7 41. Kd4 Kd7 42. b6 Kc8 43. Kc4 Kb7 44. Kb5 a4 45. Kxa4 Kxb6 46. Kb4 h5 47.
Kc4 Ka5 48. Kd4 Kb5 49. Ke4 Kc5 50. Kf5 Kxd5 51. Kg6 Ke4 52. Kxh5 Kf5 53. g4+
Kf6 54. g5+ Kf5 55. g6 Kf6 56. Kg4 Kxg6 0-1

[Event "inAUTOmarket op"]
[Site "Minsk BLR"]
[Date "2005.07.14"]
[Round "5"]
[White "Kochetkov, Vitali"]
[Black "Samsonkin, Artiom"]
[Result "1/2-1/2"]
[WhiteElo "2286"]
[BlackElo "2414"]
[PlyCount "120"]
[EventDate "2005.07.06"]
[EventType "swiss"]
[EventRounds "9"]
[EventCountry "BLR"]
[Source "Mark Crowther"]
[SourceDate "2005.08.22"]

1. c4 Nf6 2. Nc3 d6 3. g3 g6 4. Bg2 Bg7 5. e4 O-O 6. Nge2 e5 7. O-O c6 8. d3
Na6 9. h3 Nc7 10. f4 exf4 11. Bxf4 Qe7 12. Qd2 Nh5 13. Bg5 f6 14. Be3 f5 15.
exf5 gxf5 16. Bg5 Qe8 17. Bh6 Bxh6 18. Qxh6 Qg6 19. Qxg6+ hxg6 20. Rae1 Bd7 21.
Bf3 Nf6 22. h4 Rae8 23. Nf4 Kg7 24. Kf2 Ne6 25. Nxe6+ Bxe6 26. Ne2 Bf7 27. Nf4
Re5 28. Re2 Rfe8 29. Rfe1 Nd7 30. b3 Rxe2+ 31. Rxe2 Rxe2+ 32. Kxe2 Kf6 33. d4
Nf8 34. Ke3 Ne6 35. Nd3 Nc7 36. a3 Ne8 37. Nf4 Nc7 38. Kd3 Ne6 39. b4 Nxf4+ 40.
gxf4 Ke7 41. a4 Kd7 42. a5 b6 43. c5 bxa5 44. bxa5 Bd5 45. Be2 Bf7 46. Ke3 Ke7
47. Bd3 Be6 48. Kf3 Bd5+ 49. Ke3 Be6 50. Kf2 Ba2 51. h5 gxh5 52. Bxf5 dxc5 53.
dxc5 Bd5 54. Kg3 Kf6 55. Bd7 Ke7 56. Bc8 Be6 57. Ba6 Kf6 58. Be2 Bf7 59. Bf3
Be8 60. Be4 Bd7 1/2-1/2

[Event "inAUTOmarket op"]
[Site "Minsk BLR"]
[Date "2005.07.15"]
[Round "6"]
[White "Samsonkin, Artiom"]
[Black "Kravtsiv, Martyn"]
[Result "0-1"]
[WhiteElo "2414"]
[BlackElo "2317"]
[PlyCount "88"]
[EventDate "2005.07.06"]
[EventType "swiss"]
[EventRounds "9"]
[EventCountry "BLR"]
[Source "Mark Crowther"]
[SourceDate "2005.08.22"]

1. e4 e5 2. f4 exf4 3. Nf3 d6 4. Bc4 Nc6 5. d4 g5 6. h4 f6 7. d5 Ne5 8. Nxe5
dxe5 9. Qh5+ Kd7 10. Nc3 Bd6 11. Bb5+ c6 12. Ba4 Kc7 13. Bd2 Rb8 14. dxc6 bxc6
15. Qf7+ Ne7 16. O-O-O Bg4 17. Rde1 Qd7 18. Qc4 Be6 19. Qa6 Qc8 20. Qa5+ Rb6
21. hxg5 Kb8 22. gxf6 Ra6 23. Qxa6 Qxa6 24. fxe7 Bxe7 25. Rh6 Bd7 26. Rh5 Bf6
27. Bb3 Bg4 28. Rhh1 h5 29. Na4 Be7 30. Bc3 Qb5 31. Bc4 Qxc4 32. Bxe5+ Kc8 33.
Bxh8 Qxa4 34. Kb1 Kd7 35. Bc3 Bb4 36. Bxb4 Qxb4 37. Kc1 Ke6 38. e5 Bf5 39. Re2
Qc4 40. Rf2 Qxa2 41. Rxh5 Qa1+ 42. Kd2 Qxb2 43. Rh6+ Kxe5 44. Re2+ Kd5 0-1

[Event "inAUTOmarket op"]
[Site "Minsk BLR"]
[Date "2005.07.18"]
[Round "9"]
[White "Posokhov, Dmitry"]
[Black "Samsonkin, Artiom"]
[Result "0-1"]
[WhiteElo "2243"]
[BlackElo "2414"]
[PlyCount "39"]
[EventDate "2005.07.06"]
[EventType "swiss"]
[EventRounds "9"]
[EventCountry "BLR"]
[Source "Mark Crowther"]
[SourceDate "2005.08.22"]

1. e4 c5 2. Nf3 d6 3. c3 Nf6 4. Be2 Nbd7 5. d3 e6 6. O-O Be7 7. Re1 b6 8. Bg5
Bb7 9. Nbd2 h6 10. Bh4 g5 11. Bg3 g4 12. e5 Nh5 13. exd6 Bf6 14. Nh4 Bxh4 15.
Bxg4 Ng7 16. Bxe6 fxe6 17. Qg4 Bf6 18. Qg6+ Kf8 19. Re4 Qe8 20. Qg4 0-1

[Event "BLR Cup"]
[Site "Minsk BLR"]
[Date "2005.05.21"]
[Round "1"]
[White "Samsonkin, Artiom"]
[Black "Aliavdin, Nikolai"]
[Result "1/2-1/2"]
[WhiteElo "2421"]
[BlackElo "2326"]
[PlyCount "53"]
[EventDate "2005.05.21"]
[EventType "tourn"]
[EventRounds "15"]
[EventCountry "BLR"]
[EventCategory "2"]
[Source "Mark Crowther"]
[SourceDate "2005.07.04"]

1. e4 c5 2. Nf3 d6 3. d4 cxd4 4. Nxd4 Nf6 5. Nc3 a6 6. Bg5 e6 7. f4 Qb6 8. Qd2
Qxb2 9. Nb3 Nbd7 10. Bxf6 gxf6 11. Be2 Qa3 12. O-O Nc5 13. Kh1 h5 14. Rad1 Be7
15. Bf3 Nxb3 16. cxb3 Qa5 17. Rfe1 Kf8 18. Qb2 Bd7 19. b4 Qc7 20. Rc1 Qd8 21.
Ne2 h4 22. f5 h3 23. g3 e5 24. Nc3 Rc8 25. Nd5 Rxc1 26. Rxc1 Bc6 27. Qd2
1/2-1/2

[Event "BLR Cup"]
[Site "Minsk BLR"]
[Date "2005.05.23"]
[Round "2"]
[White "Rakhmanov, Alexander"]
[Black "Samsonkin, Artiom"]
[Result "1/2-1/2"]
[WhiteElo "2237"]
[BlackElo "2421"]
[PlyCount "122"]
[EventDate "2005.05.21"]
[EventType "tourn"]
[EventRounds "15"]
[EventCountry "BLR"]
[EventCategory "2"]
[Source "ChessBase"]
[SourceDate "2005.11.24"]

1. d4 Nf6 2. c4 g6 3. Nc3 Bg7 4. e4 d6 5. Nf3 O-O 6. Be2 e5 7. O-O Na6 8. Rb1
exd4 9. Nxd4 Re8 10. f3 c6 11. Kh1 Nc7 12. b4 Nh5 13. g3 a5 14. b5 c5 15. b6
Bxd4 16. bxc7 Nxg3+ 17. hxg3 Qd7 18. g4 Bxc3 19. Qb3 Bd4 20. Bb2 Bxb2 21. Qxb2
Qxc7 22. Kg2 Qe7 23. Rh1 Qe5 24. Qxe5 dxe5 25. Rhd1 Be6 26. Rxb7 Red8 27. Rxd8+
Rxd8 28. Rc7 Rd2 29. Kf1 Rxa2 30. Rxc5 a4 31. Rxe5 Rc2 32. Ra5 Bxc4 33. Bxc4
Rxc4 34. Kf2 Kg7 35. Kg3 h6 36. e5 g5 37. Ra7 Kf8 38. Ra6 Rc5 39. Rxa4 Rxe5 40.
f4 Re3+ 41. Kf2 Rb3 42. fxg5 hxg5 43. Ra5 f6 44. Ra7 Rb6 45. Kf3 Re6 46. Rb7
Re7 47. Rb6 Kf7 48. Ra6 Rd7 49. Ke4 Rb7 50. Kf3 Rc7 51. Rb6 Ke7 52. Rb3 Rc6 53.
Re3+ Kd7 54. Rd3+ Rd6 55. Ra3 Rd4 56. Ra7+ Ke6 57. Ra6+ Ke5 58. Ra5+ Rd5 59.
Ra3 Rc5 60. Re3+ Kd5 61. Rd3+ Ke5 1/2-1/2

[Event "BLR Cup"]
[Site "Minsk BLR"]
[Date "2005.05.24"]
[Round "4"]
[White "Samsonkin, Artiom"]
[Black "Sergeev, A."]
[Result "0-1"]
[WhiteElo "2421"]
[BlackElo "2346"]
[PlyCount "98"]
[EventDate "2005.05.21"]
[EventType "tourn"]
[EventRounds "15"]
[EventCountry "BLR"]
[EventCategory "2"]
[Source "Mark Crowther"]
[SourceDate "2005.07.04"]

1. e4 c5 2. Nc3 d6 3. f4 Nc6 4. Nf3 Bg4 5. Be2 e6 6. O-O Nf6 7. d3 d5 8. h3
Bxf3 9. Bxf3 Be7 10. g4 dxe4 11. dxe4 Qd4+ 12. Kg2 O-O-O 13. Qe2 Qb4 14. a3 Qb6
15. Be3 Nd4 16. Bxd4 cxd4 17. Na4 Qc6 18. b3 e5 19. f5 Kb8 20. Nb2 Nd7 21. a4
f6 22. Nc4 Nb6 23. Nxb6 Qxb6 24. a5 Qd6 25. a6 b6 26. Qd2 Rc8 27. Be2 Rc3 28.
Rf3 Rc7 29. Bd3 Rhc8 30. Ra2 Qd8 31. Bc4 Qf8 32. Qd3 Bb4 33. Rf1 Rc6 34. Rc1
R8c7 35. Rd1 g6 36. Rf1 Qh6 37. Rf2 Be1 38. Re2 Qc1 39. Ra4 Rc5 40. fxg6 hxg6
41. Ra2 Bh4 42. Qd2 Qb1 43. Ra4 Bg5 44. Qd3 Be3 45. Rxe3 dxe3 46. Rb4 R5c6 47.
Qd8+ Rc8 48. Qd7 Qxc2+ 49. Kh1 Qc1+ 0-1

[Event "BLR Cup"]
[Site "Minsk BLR"]
[Date "2005.05.25"]
[Round "5"]
[White "Potapov, Pavel"]
[Black "Samsonkin, Artiom"]
[Result "1-0"]
[WhiteElo "2261"]
[BlackElo "2421"]
[PlyCount "34"]
[EventDate "2005.05.21"]
[EventType "tourn"]
[EventRounds "15"]
[EventCountry "BLR"]
[EventCategory "2"]
[Source "ChessBase"]
[SourceDate "2005.11.24"]

1. e4 c5 2. Nf3 d6 3. Nc3 Nf6 4. d4 cxd4 5. Nxd4 a6 6. g3 e5 7. Nde2 Nbd7 8.
Bg2 b5 9. h3 Nb6 10. g4 b4 11. Nd5 Nfxd5 12. exd5 f5 13. gxf5 Bxf5 14. Bd2 Nc4
15. Ng3 Bg6 16. Bxb4 Nxb2 17. Qb1 Nc4 1-0

[Event "BLR Cup"]
[Site "Minsk BLR"]
[Date "2005.05.25"]
[Round "6"]
[White "Samsonkin, Artiom"]
[Black "Bondar, Tana"]
[Result "1/2-1/2"]
[WhiteElo "2421"]
[BlackElo "2145"]
[PlyCount "88"]
[EventDate "2005.05.21"]
[EventType "tourn"]
[EventRounds "15"]
[EventCountry "BLR"]
[EventCategory "2"]
[Source "ChessBase"]
[SourceDate "2005.11.24"]

1. e4 e6 2. d4 d5 3. Nc3 Nf6 4. Bg5 dxe4 5. Nxe4 Be7 6. Bxf6 gxf6 7. Nf3 f5 8.
Nc3 a6 9. Qe2 b5 10. O-O-O b4 11. Na4 Qd5 12. c4 Qa5 13. Qe5 Qxe5 14. Nxe5 Bb7
15. d5 Nd7 16. Nxd7 Kxd7 17. Bd3 Ke8 18. Rhe1 Kf8 19. dxe6 Bxg2 20. Bxf5 Bc6
21. Bc2 h5 22. b3 Bd6 23. Be4 Bxe4 24. Rxe4 fxe6 25. c5 Be7 26. Rxb4 Bg5+ 27.
Kc2 Ke7 28. f4 Bh6 29. c6 Rhd8 30. Rbd4 a5 31. Rxd8 Rxd8 32. Rxd8 Kxd8 33. Nc5
Ke7 34. Nd3 Kd6 35. Kc3 Kxc6 36. Kc4 Kb6 37. h3 Kc6 38. a4 Kb6 39. b4 axb4 40.
Kxb4 Bf8+ 41. Kc4 Bd6 42. Ne5 Ka5 43. Kb3 Ka6 44. Nd3 Ka5 1/2-1/2

[Event "BLR Cup"]
[Site "Minsk BLR"]
[Date "2005.05.26"]
[Round "7"]
[White "Vorontsov, Anatoly"]
[Black "Samsonkin, Artiom"]
[Result "0-1"]
[WhiteElo "2165"]
[BlackElo "2421"]
[PlyCount "72"]
[EventDate "2005.05.21"]
[EventType "tourn"]
[EventRounds "15"]
[EventCountry "BLR"]
[EventCategory "2"]
[Source "ChessBase"]
[SourceDate "2005.11.24"]

1. e4 c5 2. Nf3 d6 3. d4 cxd4 4. Nxd4 Nf6 5. Nc3 a6 6. Bg5 e6 7. Qd2 h6 8. Be3
Ng4 9. O-O-O Nxe3 10. Qxe3 Qc7 11. Kb1 Be7 12. f4 Nd7 13. Be2 b5 14. a3 Bb7 15.
Rhe1 Rc8 16. g3 Nb6 17. h4 O-O 18. h5 d5 19. e5 b4 20. axb4 Bxb4 21. Rf1 Bxc3
22. Qxc3 Qxc3 23. bxc3 Na4 24. Kc1 Nxc3 25. Rd3 Rc7 26. Bf3 a5 27. Rg1 Ba6 28.
Re3 Rfc8 29. g4 Nb5 30. Nxb5 Rxc2+ 31. Kb1 Bxb5 32. g5 hxg5 33. fxg5 d4 34. Ra3
d3 35. Rd1 d2 36. Rxa5 Bd3 0-1

[Event "BLR Cup"]
[Site "Minsk BLR"]
[Date "2005.05.27"]
[Round "8"]
[White "Samsonkin, Artiom"]
[Black "Tairova, Elena"]
[Result "0-1"]
[WhiteElo "2421"]
[BlackElo "2287"]
[PlyCount "98"]
[EventDate "2005.05.21"]
[EventType "tourn"]
[EventRounds "15"]
[EventCountry "BLR"]
[EventCategory "2"]
[Source "ChessBase"]
[SourceDate "2005.11.24"]

1. e4 e6 2. d4 d5 3. e5 c5 4. c3 Qb6 5. Bd3 Bd7 6. dxc5 Bxc5 7. Qe2 Nc6 8. Nf3
f6 9. b4 Be7 10. Bf4 fxe5 11. Nxe5 Nxe5 12. Bxe5 Nf6 13. Nd2 O-O 14. O-O Bd6
15. Nf3 Rac8 16. Bd4 Qc7 17. Ne5 a6 18. a4 Rce8 19. f4 Bc8 20. a5 Bd7 21. Rf3
Re7 22. Rh3 Be8 23. Rf1 g6 24. Qe1 Qd8 25. g4 Qc7 26. g5 Nh5 27. Ng4 Rxf4 28.
Nh6+ Kf8 29. Bf6 e5 30. Be2 Nxf6 31. gxf6 Re6 32. Qd1 Rexf6 33. Rxf4 exf4 34.
Qd4 Be5 35. Qxd5 Bf7 36. Nxf7 Rxf7 37. Bc4 Rg7 38. Rd3 Qe7 39. Rd2 Bf6 40. Rf2
Qe5 41. Qd2 Rc7 42. Rxf4 Kg7 43. Rd4 Bg5 44. Qe2 Be3+ 45. Kg2 Bxd4 46. cxd4
Qxd4 47. Ba2 Qf6 48. Qd2 Re7 49. Bc4 Qe5 0-1

[Event "BLR Cup"]
[Site "Minsk BLR"]
[Date "2005.05.28"]
[Round "10"]
[White "Samsonkin, Artiom"]
[Black "Meshkov, Yuri"]
[Result "1/2-1/2"]
[WhiteElo "2421"]
[BlackElo "2385"]
[PlyCount "52"]
[EventDate "2005.05.21"]
[EventType "tourn"]
[EventRounds "15"]
[EventCountry "BLR"]
[EventCategory "2"]
[Source "Mark Crowther"]
[SourceDate "2005.07.04"]

1. e4 c5 2. Nc3 Nc6 3. f4 e6 4. Nf3 Nge7 5. d4 cxd4 6. Nxd4 d5 7. Nb3 g6 8. Be2
Bg7 9. Bf3 d4 10. Ne2 e5 11. fxe5 Bxe5 12. Bf4 Bg7 13. Qd2 Be6 14. Nc5 Qb6 15.
Nd3 O-O 16. O-O Rac8 17. Kh1 a5 18. a3 Rfd8 19. Bh6 Bh8 20. Nef4 Bc4 21. Qf2
Ne5 22. Be2 Bxd3 23. Nxd3 N7c6 24. Nf4 Ne7 25. Nd3 N7c6 26. Nf4 Ne7 1/2-1/2

[Event "BLR Cup"]
[Site "Minsk BLR"]
[Date "2005.05.28"]
[Round "11"]
[White "Iodo, Anna"]
[Black "Samsonkin, Artiom"]
[Result "0-1"]
[WhiteElo "2176"]
[BlackElo "2421"]
[PlyCount "42"]
[EventDate "2005.05.21"]
[EventType "tourn"]
[EventRounds "15"]
[EventCountry "BLR"]
[EventCategory "2"]
[Source "ChessBase"]
[SourceDate "2005.11.24"]

1. e4 c5 2. c3 Nf6 3. e5 Nd5 4. d4 cxd4 5. Nf3 Nc6 6. Bc4 e6 7. cxd4 d6 8. O-O
Be7 9. Qe2 O-O 10. Bd2 Qb6 11. Bc3 Nxc3 12. bxc3 Qc7 13. exd6 Bxd6 14. Bd3 e5
15. Nbd2 f5 16. Bc4+ Kh8 17. Ng5 g6 18. dxe5 Nxe5 19. h3 Bd7 20. Bd5 Rae8 21.
Nc4 Bb5 0-1